|
|
|
|
| LEADER |
01499nam a2200337 4500 |
| 001 |
DLU140162271 |
| 005 |
##20140623 |
| 040 |
# |
# |
|a DLU
|b vie
|
| 041 |
# |
# |
|a vie
|
| 044 |
# |
# |
|a vn
|
| 082 |
# |
# |
|a 364.132 3
|b Nha
|
| 245 |
# |
# |
|a Nhận diện tham nhũng và các giải pháp phòng, chống tham nhũng ở Việt Nam hiện nay /
|c Phan Xuân Sơn, Phạm Thế Lực đồng chủ biên.
|
| 250 |
# |
# |
|a Tái bản có sửa chữa, bổ sung
|
| 260 |
# |
# |
|a H. :
|b Chính trị Quốc gia,
|c 2010.
|
| 300 |
# |
# |
|a 254 tr. ;
|c 21 cm.
|
| 505 |
# |
# |
|a Chương I. Cơ sở lý luận và thực tiễn để nhận diện và thiết lập các biện pháp phòng, chống tham nhũng -- Chương II. Tham nhũng ở Việt Nam - nhận diện, đặc điểm, nguyên nhân và vấn đề đặt ra -- Chương III. Phòng, chống tham nhũng ở Việt Nam - thực trạng và những vấn đề đặt ra hiện nay -- Chương IV. Phương hướng, giải pháp nhằm nâng cao hiệu quả đấu tranh phòng, chống tham nhũng ở nước ta hiện nay.
|
| 650 |
# |
# |
|a Tham nhũng
|z Việt Nam
|x Phòng chống.
|
| 650 |
# |
# |
|a Tham nhũng
|z Việt Nam.
|
| 700 |
# |
# |
|a Phạm Thế Lực,
|e chủ biên.
|
| 700 |
# |
# |
|a Phan Xuân Sơn,
|e chủ biên.
|
| 923 |
# |
# |
|a 01/2014LS
|
| 991 |
# |
# |
|a SH
|
| 992 |
# |
# |
|a 36000
|
| 994 |
# |
# |
|a KLS
|
| 900 |
# |
# |
|a True
|
| 911 |
# |
# |
|a Đào Thị Thu Huyền
|
| 925 |
# |
# |
|a G
|
| 926 |
# |
# |
|a A
|
| 927 |
# |
# |
|a SH
|
| 980 |
# |
# |
|a Thư viện Trường Đại học Đà Lạt
|